000 00531nam a2200169Ia 4500
008 230917s9999||||xx |||||||||||||| ||und||
020 _cRS200
040 _e227505
_aMAIN
041 _aEnglish
082 _a891.432751 SA92T
100 _aशुक्ला, अजय
245 0 _aताजमहल का उद्घाटन
260 _aनई दिल्ली
_bराजकमल प्रकाशन
_c2014
300 _a95 पृ. p.
500 _a2080 13/08/2015 RKP15/3933 22/08/2015 Main Budget
942 _cBK
999 _c15545
_d15545